[Event "IECC M email"]
[Site "IECC email"]
[Date "1998.04.08"]
[Round "?"]
[White "Constantine, Norman"]
[Black "Nieuwoudt, Derick"]
[Result "0-1"]
[WhiteElo "1621"]
[BlackElo "1530"]
[PlyCount "60"]
[EventDate "1998.??.??"]
[EventType "tourn (corr)"]
[EventRounds "12"]
[SourceTitle "Corr 2008"]
[Source "ChessBase"]
[SourceDate "2008.06.24"]
[SourceVersion "1"]
[SourceVersionDate "2008.06.24"]
[SourceQuality "1"]

1. e4 e5 2. Nf3 Nc6 3. Bb5 a6 4. Ba4 b5 5. Bb3 Nf6 6. 0-0 Bc5 7. Re1 d6 8. h3 0-0 9. c3 Na5 10. Bc2 Bb6 11. d4 Qe7 12. Nbd2 c5 13. Nf1 cxd4 14. cxd4 Qa7 15. Be3 Nc4 16. dxe5 Nxe5 17. Ng3 Bxe3 18. Rxe3 Nc4 19. Rc3 Nxb2 20. Qxd6 Nc4 21. Qd3 Be6 22. e5 Rfd8 23. Qe2 Nd5 24. Rd3 h6 25. Qe4 Rac8 26. Rd4 g6 27. Nh4 Ne7 28. Nh5 Rxd4 29. Nf6+ Kg7 30. Nh5+ Kf8 0-1

[Event "IECC M email"]
[Site "IECC email"]
[Date "1998.04.08"]
[Round "?"]
[White "Nieuwoudt, Derick"]
[Black "Constantine, Norman"]
[Result "1/2-1/2"]
[WhiteElo "1526"]
[BlackElo "1625"]
[PlyCount "45"]
[EventDate "1998.??.??"]
[EventType "tourn (corr)"]
[EventRounds "12"]
[SourceTitle "Corr 2008"]
[Source "ChessBase"]
[SourceDate "2008.06.24"]
[SourceVersion "1"]
[SourceVersionDate "2008.06.24"]
[SourceQuality "1"]

1. e4 c5 2. Nc3 Nc6 3. Nf3 d5 4. exd5 Nb4 5. d4 cxd4 6. Nxd4 Nxd5 7. Bb5+ Bd7 8. Bxd7+ Qxd7 9. Ndb5 Ngf6 10. Nxd5 0-0-0 11. Nbc3 Nxd5 12. Qxd5 Qxd5 13. Nxd5 Rxd5 14. Be3 b6 15. Ke2 e5 16. Rhd1 Rxd1 17. Rxd1 Be7 18. Rd5 f6 19. c4 Rd8 20. Rxd8+ Kxd8 21. Bd2 Bc5 22. b4 Bd4 23. Be3 1/2-1/2